Clubs de rugby français 2024/2025 - Statistiques

Statistiques générales
  • Ce quiz a été pris 151 fois
  • Le résultat moyen est 29 sur 44
Statistiques - réponses
Championnat Club % Correct
Top 14 Stade Toulousain
98%
Top 14 Stade Français
97%
Top 14 RC Toulon
95%
Top 14 Union Bordeaux Bègles
95%
Top 14 ASM Clermont
92%
Top 14 Lyon OU
92%
Top 14 Montpellier HR
92%
Top 14 Racing 92
92%
Top 14 Aviron Bayonnais
91%
Top 14 Stade Rochelais
90%
Top 14 Section Paloise
88%
Top 14 USA Perpignan
88%
Top 14 Castres Olympique
84%
Pro D2 FC Grenoble
82%
Pro D2 Biarritz Olympique
81%
Top 14 RC Vannes
81%
Pro D2 Stade Niçois
78%
Pro D2 US Montauban
73%
Pro D2 Stade Montois
72%
Pro D2 CA Brive
71%
Pro D2 Oyonnax Rugby
71%
Pro D2 US Dax
66%
Pro D2 SU Agen
64%
Pro D2 AS Béziers
63%
Pro D2 Stade Aurillacois
62%
Nationale RC Narbonne
60%
Pro D2 Valence Romans DR
60%
Pro D2 Colomiers Rugby
57%
Pro D2 Provence Rugby
57%
Nationale SC Albi
55%
Pro D2 USON Nevers
53%
Nationale US Carcassonne
52%
Pro D2 Soyaux Angoulême XV
50%
Nationale US Bressane
50%
Nationale Stado Tarbes PR
47%
Nationale SO Chambéry
45%
Nationale RC Massy
44%
Nationale Rouen NR
42%
Nationale CS Bourgoin
41%
Nationale CA Périgueux
35%
Nationale RC Hyères
29%
Nationale RC Suresnes
28%
Nationale Olympique Marcquois
26%
Nationale Stade Langonnais
25%
Aucun quiz correspondant
Distribution des résultats
% des personnes avec chaque résultat
Percentile par nombre de réponses
Votre historique - résultats
Vous n’avez pas pris ce quiz